000 00825nam a22002057a 4500
999 _c8266
_d8266
003 AR-CdUCM
008 190322b ||||| |||| 00| 0 spa d
040 _aMUNICIPALIDAD PROVINCIAL DEL CUSCO
_cBIBLIOTECA MUNICIPAL DEL CUSCO
041 _heng
082 _a591.4 /
_bF78
100 _aFoust, H.L.
_923259
245 _aAtlas y guía de disecciones para el estudio de la anatomía de los animales domésticos /
260 _aMéxico, D. F :
_bContinental,
_c1963.
300 _a117 páginas ;
_bIlustraciones,
_c30 cm.
505 _aDisección del perro -- Sistema muscular Angiologia y neurologia -- Direcciones para la disección de grandes animales -- Cabeza y cuello -- Tórax y miembro torácico ...
650 _aAnatomía comparada
_920085
700 _aGetty, Robert
_923260
942 _2ddc
_cLIBROS
945 _aacv